000
00257nam a22001217a 4500
082
_a
823
_b
SWI/G
100
_a
JONATHAN SWIFT
245
_a
GULLIVER'S TRAVELS
260
_a
DELHI
_b
OXFORD
_c
1995
300
_a
57
650
_a
ENGLISH STORY
_z
INDIA
942
_c
BK
999
_c
7333
_d
7333